| 000 | 01268cam a2200325 a 4500 | ||
|---|---|---|---|
| 001 | 13689421 | ||
| 005 | 20170105102857.0 | ||
| 008 | 040817s2006 nyu be 001 0 eng | ||
| 010 | _a 2004019541 | ||
| 020 | _a0415936616 (set : alk. paper) | ||
| 020 | _a0415973325 (v. 1 : alk. paper) | ||
| 020 | _a0415973333 (v. 2 : alk. paper) | ||
| 040 |
_aDLC _cDLC _dDLC |
||
| 042 | _apcc | ||
| 050 | 0 | 0 |
_aD25.A2 _bI58 2006 |
| 082 | 0 | 0 |
_a355.00903 _222 |
| 245 | 0 | 0 |
_aInternational encyclopedia of military history / _cJames C. Bradford, editor ; preface by Jeremy Black. |
| 260 |
_aNew York : _bRoutledge, _c2006. |
||
| 300 |
_a2 v. ; _c29 cm. |
||
| 500 | _aVol. 1. : A-J -- Vol. 2. : K-Z | ||
| 504 | _aIncludes bibliographical references and index. | ||
| 505 | 0 | _av. 1 A-J -- v. 2. K-Z. | |
| 650 | 0 |
_aMilitary history _vEncyclopedias. |
|
| 700 | 1 | _aBradford, James C. | |
| 856 | 4 | 1 |
_3Table of contents only _uhttp://www.loc.gov/catdir/toc/ecip0421/2004019541.html |
| 856 | 4 | 2 |
_3Publisher description _uhttp://www.loc.gov/catdir/enhancements/fy0647/2004019541-d.html |
| 906 |
_a7 _bcbc _corignew _d1 _eecip _f20 _gy-gencatlg |
||
| 942 |
_2ddc _cREF |
||
| 999 |
_c14526 _d14526 |
||